Museos de la Diputación Provincial de Barcelona
Publicado:
[Barcelona] :
Diputación Provincial de Barcelona, Comisión de Turismo : Dirección General de Promoción del Turismo, DL 1972
Descripción Física:
98 p., [45] p. : Il. (algunes col.) ; 21 cm
Colección:
Arte, cultura, turismo ; 2
Otros Autores:
Espanya. Dirección General de Promoción del Turismo
Materias:
Museus -- Barcelona (Província) -- Guies
MARC
| LEADER | 00000nam a2200000Ia 4500 | ||
|---|---|---|---|
| 001 | 10964 | ||
| 008 | 160829s9999 xx 000 0 cat d | ||
| 080 | |a B-1-338 | ||
| 110 | 1 | |a Barcelona (Catalunya : Província). |b Diputació |9 52408 | |
| 245 | |a Museos de la Diputación Provincial de Barcelona | ||
| 260 | |a [Barcelona] : |b Diputación Provincial de Barcelona, Comisión de Turismo : |b Dirección General de Promoción del Turismo, DL 1972 | ||
| 300 | |a 98 p., [45] p. : |b Il. (algunes col.) ; |c 21 cm | ||
| 490 | |a Arte, cultura, turismo ; 2 | ||
| 590 | |a Textos en castellà, francès, anglès i alemany. | ||
| 590 | |a Índex. | ||
| 590 | |a Hi ha un duplicat a: DUP-256 | ||
| 650 | |a Museus |x Barcelona (Província) |x Guies |9 20512 | ||
| 700 | |a Espanya. Dirección General de Promoción del Turismo |9 22975 | ||
| 710 | 1 | |a Barcelona (Catalunya : Província). |b Comissió de Turisme |9 54952 | |
| 901 | |a Arxiu | ||
| 942 | |n 1 | ||
| 952 | |0 0 |1 0 |4 0 |6 B1338 |7 1 |9 42391 |a Arxiu |b Arxiu |d 2016-12-01 |l 0 |o B-1-338 |p 10964 |r 2016-12-01 00:00:00 |w 2016-12-01 |y ARXIU | ||
| 999 | |c 44896 |d 44896 | ||